000 01002nam a2200313 a 4500
999 _c7464
_d7464
001 991040654229706706
003 OSt
005 20211130135941.0
008 060529s2006 spc|||||| 000 ||cat|c
020 _a8497871766
035 _a(ES-BaCBU)b35408248-34csuc_network
035 _a(ES-BaCBU).b35408248
035 _a(ccuc001)b35408248
035 _a(OCoLC)802976058
040 _aES-BaCBU
_bcat
_cES-BaCBU
_dCDMR
043 _ae-sp---
_be-spc--
_2catmarc
090 _aPN1992.92.T45
_bT67 2006
245 0 0 _aTot sobre TV3 /
_cFamília Fernández
260 _aBarcelona :
_bEmpúries,
_ccop. 2006
300 _a264 p. ;
_c19 cm
610 2 7 _aTelevisió de Catalunya
_xProgrames.
_2lemac
610 2 7 _aTelevisió de Catalunya
_xHistòria.
_2lemac
710 2 _aFamília Fernández.
830 0 _aPòrtic singular ;
_v55
907 _a.b35408248
_b25-06-21
_c09-05-08
_d29-05-06
_em
_fa
_g-
_hcat
_ispc
_j0
_k1
908 _aURL
_aUIC
_aFILMO
_aUAB
_aUPC
_aUB
_aUPF
940 _aCVA5
942 _2udc
_cMON